000 00573nam a22001937a 4500
005 20141127101433.0
010 _aENG-111150
020 _c220.00
_a9788180642005
035 _aEN-94682
037 _bDBAD/PUB
082 _a320.954
100 _aChakrabarti, Sukalpa
245 _aRevisiting political theory and thought /
_cby Sukalpa Chakrabarti
260 _aKolkata
_bProgressive Publishers
_c2014
270 _bKolkata
_e700073
_a37A, College Street
300 _a304p.
_c22cm(pbk)
500 _aIncludes index
942 _2ddc
_cEN
_mCHA
_h320.954
999 _c89830
_d89830